Lucian Freud: paintings

Guardat en:
Dades bibliogràfiques
Autor principal: Hughes, Robert (Autor)
Format: Llibre
Idioma:anglès
Publicat: Londres Thames and Hudson 1989
Edició:1a. ed
Matèries:
Etiquetes: Afegir etiqueta
Sense etiquetes, Sigues el primer a etiquetar aquest registre!

MARC

LEADER 00000cam a2200000 a 4500
001 UCG2393
003 CL-VaPUC
008 100708e19890000UK |||||||||||||||||eng|d
020 |a 9780500275351 
082 0 4 |a 709.04  |b HUG  |2 21 
100 |a Hughes, Robert  |e author  |9 572963 
245 1 0 |a Lucian Freud: paintings 
250 |a 1a. ed 
300 |a 135 p 
942 |c BK 
945 |d 20100708 00:00:00  |a dcastane 
260 |a Londres  |b Thames and Hudson  |c 1989 
650 0 |a Arte moderno   |y Siglo 20   |9 265274 
650 0 |a Arte figurativo   |9 550558 
650 0 |a Pinturas  |9 347968 
583 |a last modification  |c 20150525 01:41:39  |k Rodrigo Vera 
999 |c 341608  |d 341606 
952 |0 0  |1 0  |4 0  |6 709_040000000000000_HUG_1989  |7 0  |8 R  |9 437224  |a BIBART  |b BIBART  |d 2019-11-22  |i 4689909  |o 709.04 HUG 1989  |p 4689909  |r 2025-03-13  |w 2019-11-22  |y BK_R  |k ART 
952 |0 0  |1 0  |3 erb  |4 0  |6 709_040000000000000_HUG_1989  |7 0  |8 R  |9 437225  |a BIBART  |b BIBART  |i 5161169  |o 709.04 HUG 1989  |p 5161169  |r 2025-03-13  |w 2019-11-22  |y BK_R  |z Catalogado en:20150529  |k ART